1312 1816 1707 1679 1581 1018 1845 1009 1018 1883 1062 1313 1310 1748 1578 1674 1046 1314 1671 1590 1250 1781 1652 1588 1730 1575 1476 1558 1653 1389 1619 1120 1552 1419 1427 1475 1617 1774 1045 1939 1832 1568 1402 1093 1432 1285 1545 1717 1841 1320 1144 1946 1050 1029 1081 1873 1483 1221 1566 1940 1797 1049 1630 1439 1903 1738 1555 1809 1403 1702 1808 1398 1014 1175 1934 1580 1338 1071 1395 1439 1270 1344 1861 1430 1992 1749 1706 1088 1765 1301 1378 1428 1510 1685 1010 1203 1300 1105 1701 BCNSPRNW ULIB Ver.6.0+V

เปลี่ยนเป็นภาษาไทย

Change to English
 แสดงรายละเอียดบรรณานุกรม
  กลับหน้าหลัก

Brief Record : Get Marc (ISO 2709) : E-mail record : QR code < ปิดหน้าต่าง
LEADER : 00000nas 2200000uu 4500
001    13399121277
003     ULIB
008    020711s|||| th a 000 0 tha d
022    08577927
110    วิทยาลัยพยาบาลบรมราชชนนี กรุงเทพ
245    วารสารวิทยาลัยพยาบาลบรมราชชนนี กรุงเทพ/^cวิทยาลัยพยาบาลบรมราชชนนี กรุงเทพ
260    กรุงเทพฯ :^bวิทยาลัยพยาบาลบรมราชชนนี กรุงเทพ,^cม.ป.ป.
310    ^aราย 6 เดือน
850 ^a ULIB^bปีที่ 28 ฉบับที่ 1 ;ปีที่ 31 ฉบับที่ 1 ฉ.1 ;ปีที่ 31 ฉบับที่ 2 ฉ.1 ;ปีที่ 31 ฉบับที่ 3 ฉ.1
945    ^p0^l0^i900864
945    ^p0^l0^i903262
945    ^p0^l0^i903608
945    ^p0^l0^i903877
999    ^aวรรณษา ชูชัยมงคล
รายการนี้ยังไม่มีแท็ก
คุณยังไม่ได้ล็อกอิน คุณสามารถมีกิจกรรมร่วมกับเว็บไซต์ได้ แต่ต้องล็อกอินก่อน ::
  ล็อกอิน

รายการสื่อสารสนเทศ (วารสาร)

ดูแบบ: กล่อง รายการ
ARRIVED
ปีที่ 28 ฉบับที่ 1
สถานที่: ห้องสมุดวิทยาเขตสวรรค์ประชารักษ์ >วารสาร
ARRIVED
ปีที่ 31 ฉบับที่ 1 ฉ.1
สถานที่: ห้องสมุดวิทยาเขตสวรรค์ประชารักษ์ >หนังสือพิมพ์
ARRIVED
ปีที่ 31 ฉบับที่ 2 ฉ.1
สถานที่: ห้องสมุดวิทยาเขตสวรรค์ประชารักษ์ >วารสาร
ARRIVED
ปีที่ 31 ฉบับที่ 3 ฉ.1
สถานที่: ห้องสมุดวิทยาเขตสวรรค์ประชารักษ์ >วารสาร

BibComment


ยังไม่เคยถูกคอมเมนท์

คอมเมนท์ทรัพยากรรายการนี้
  คอมเมนท์: วารสารวิทยาลัยพยา..


 Copyright 2026. Bcnsprnw @Library